Orbital structure of the derivation operator on a certain semiring of nonsingular complex matrices

Bibliographic Details
Main Authors: Novotná, Jiřina (Author), Chvalina, Jan (Author)
Format: Article
Language:English
ISBN:8080830398
Subjects:

MARC

LEADER 00000nab a2200000 ar4500
001 vtls009154003
003 SK-MaSNL
005 20260304013337.0
008 071026c2004 xo |||||||||||000 b|eng
015 |a SNBRA2007/10  |2 snkbucl 
038 |a SNKBUCL 
040 |a SNKBUCL  |b slo  |c SNKBUCL  |e AACR2 
041 0 |a eng  |b eng 
044 |a xo  |c SK 
080 |a 512.643  |2 2001 
100 1 |a Novotná, Jiřina  |4 aut  |9 1114773 
245 1 0 |a Orbital structure of the derivation operator on a certain semiring of nonsingular complex matrices  |c Jiřina Novotná, Jan Chvalina 
504 |a Bibliogr. odkazy 
546 |a Res. angl. 
650 0 7 |a matice (matematika)  |2 snkbucl  |9 99437 
650 0 7 |a nesingulárne komplexné matice  |2 snkbucl  |9 1294231 
650 0 7 |a derivačné operátory  |2 snkbucl  |9 1294232 
650 0 7 |a monounárna algebra  |2 snkbucl  |9 1294233 
700 1 |a Chvalina, Jan  |4 aut  |9 1174705 
773 0 |t Acta Universitatis Matthiae Belii. Natural sciences series. Series mathematics. Number 11  |d Banská Bystrica : Matej Bel University, 2004  |g S. 45-54  |z 8080830398 
852 |a SNK  |b KIS3GCP 
958 |a NB 
999 |c 2575381  |d 2577311